00479nam a22001457a 4500003000400000008004100004082001700045100002400062245014500086260003200231300000900263502001500272650002900287650001700316OSt260428b |||||||| |||| 00| 0 eng d a634.44bJ46E aJha, Umesh Narayan  aEffect of Period of Defoliation Age of Root-Stock and Scion on The Success of Epicotyl Grafting in Mango (Mangifera Indica L.) CV. Dashehari aPusa, SamastipurbRAUc1999 a66P. bMsc.d1999 aFruit & Fruit Technology aHorticulture